MDQL
is popping MORE tags! Check the
thread
!
Quizzes
Events
Quiz Creation
Community
Videos
Private Events
Remove Ads
Sign In
Join for FREE
Feedback
Dark Mode
Quiz Categories
Sports
Geography
Music
Movies
Television
Just For Fun
Miscellaneous
History
Literature
Language
Science
Gaming
Entertainment
Religion
Holiday
For Kids
Quiz Lab
Recent
Popular Today
Quiz Kudos Today
Editor Picks
Curator Picks
Quizzes by...
Day
Popularity
Type
Ratings
Length
Year
Community
Subscriptions
Recent Discussions
Orange Saloon
Badges
Playlists
Quests
Create
Leaderboards
Showdown
Live 5
Trivia Bingo
Activity
Puzzle Library
Sporcle Events
Private Events
Virtual Trivia
Globe League
Become a Host
Pub Owners
SporcleCon
Opinionation
Our Games
Videos
Blog
Mobile Apps
Partnerships
Remove Ads and Go Orange
Feedback
Sports
Athletes
MLB
NBA
NHL
NFL
Soccer
Sports Teams
WWE
NCAA
Football
Premier League
Basketball
Baseball
Hockey
Golf
Tennis
Cricket
Rugby
Auto Racing
Olympics
World Cup
Sports
Athletes
MLB
NBA
NHL
NFL
Soccer
Sports Teams
WWE
NCAA
Football
Premier League
Basketball
Baseball
Hockey
Golf
Tennis
Cricket
Rugby
Auto Racing
Olympics
World Cup
Random Quiz
Search Sporcle
×
Quiz Lab
Quiz Lab
Sports
connecticut
Type in answers that appear in a list
Type in answers that appear in a list
Classic
Best Score? Go Orange.
Final Four: Connecticut vs. Kentucky Stats
Can you name the questions about UCONN and UK?
By
FarmerBob
5m
30 Questions
1,301 Plays
1,301 Plays
1,301 Plays
Comments
Comments
Give Quiz Kudos
Give Quiz Kudos
-
- Ratings
hide this ad
Replay
Link that replays current quiz
Next Quiz
Link to next quiz in quiz playlist
You Got
0%
They Got
Avg Score
71%
Avg Friend Score
Upgrade to see
Score Distribution
Jump to the score distribution portion of the page
Score
0/30
Timer
05:00
0
Plays Today
fdsa
sadf
% Correct
Connecticut
Huskies
96.5%
Connecticut
#3
92.9%
Connecticut
Arizona
92.9%
Kentucky
#4
90.5%
Connecticut
Big East Conference
89.4%
Kentucky
Wildcats
88.9%
Connecticut
Kemba Walker...
87.6%
Connecticut
Champions (2x)
84.9%
Kentucky
Champions (7x)
84.9%
Kentucky
Southeastern Conference
82.9%
Connecticut
Jim Calhoun
80.9%
Connecticut
Ray Allen...
80.6%
Kentucky
John Wall...
79.6%
Kentucky
John Calipari
78.3%
Kentucky
Brandon Knight...
72.1%
fdsa
sadf
% Correct
Kentucky
Lexington, Kentucky
69.3%
Connecticut
Storrs, Connecticut
66.6%
Kentucky
UNC
64%
Kentucky
Ohio State
62.1%
Connecticut
None
60.8%
Kentucky
None
60.8%
Connecticut
30
59%
Connecticut
SDSU
57.9%
Kentucky
Terrence Jones...
57.4%
Connecticut
Roscoe Smith...
55.3%
Kentucky
51
53.8%
Kentucky
Princeton
50.4%
Connecticut
Cincinnati
46.3%
Connecticut
Bucknell
45.6%
Kentucky
West Virginia
41.5%
Quiz Playlist
Details
Report
Send in Message
Add To Playlist
Classic:
Type in answers that appear in a list
Quiz Source
Last Updated: Feb 16, 2017
Quiz Scoreboard
CHALLENGE
Sign Up to Join the Scoreboard
Show All
Scores
Hide
Comments
May contain spoilers
Recently Published
Image Sorting: Flags VI
by Barbecue
Geography
2m
Find the 'City' Movie
by crazypaving
Movies
60s
Colored Red Africa Blitz
by spor1
Geography
45s
More to Explore
Quiz From the Vault
Featured Blog Post
14 Easter Pick-up Lines to Find Eggs With
hide this ad
You Might Also Like...
Tags
asdf
connecticut
final
four
Kentucky
UConn
Today's Top Quizzes in Sports
Browse Sports
hide this ad
Today's Top Quizzes in connecticut
Browse connecticut
Top Contributed Quizzes in Sports
1
Les meilleurs buteurs des matchs entre le PSG et l’OM
2
Les entraîneurs de l'OM et du PSG au 21e siècle
3
Les joueurs passés par le PSG et l'OM
4
2022 World Cup Stars
5
Players with Multiple 50 Home Run Seasons
6
Criteria MLB: Left Handed Sluggers
7
Les joueurs passés par le LOSC et le RC Lens
8
NBA Logic Puzzle 2.0
9
MLB Players with Two .350 Batting Average Seasons
10
FIFA Club World Cup Champions
Explore More
Trending Topics
NBA
Disney
Anime
Crossword
Harry Potter
Marvel
Kpop
Pokémon
The Office
Soccer
Country
Song
WWE
Puzzle
NFL
hide this ad
More By:
FarmerBob
Quiz
Plays
Rating
Category
Featured
Created
Will Smith Movie by Image
86,900
4.43
Movies
Mar 20, 2011
Mixed Word: Candy Bars
73,879
4.13
Just For Fun
Mar 5, 2011
Adam Sandler Movies by Image
63,927
4.28
Movies
Mar 3, 2011
NBA Carmelo Anthony Trade
46,067
2.80
Sports
Feb 22, 2011
Speed NBA History
5,541
3.93
Sports
Feb 27, 2011
Go to Creator's Profile
Score Distribution
Quiz Creator Spotlight
FarmerBob
Follow
Send a Message
Quizzes Created
-
Created Quiz Play Count
-
More By This Creator
Popular Quizzes Today
1
Colored Red Africa Blitz
2
Find the US States - No Outlines Minefield
3
Find the 'City' Movie
4
5x2 Blitz: Bands
5
The Countries of the World
6
Find the US States
7
Find the Countries of Europe - No Outlines Minefield
8
US States
More Sports Quizzes
Pick the Picture: Complete the Wrestling Move Name
Curator's Pick
Trending Quizzes
Colored Red Europe Blitz I
Colored Red Europe Blitz II
Colored Red Africa Blitz II
Colored Red Europe Blitz III
Colored Red Africa Blitz III
Recently Updated
How Do You Spell That?
pecheneg
Godzilla Movies
pecheneg
Grab Bag: 4-10 Letters
pecheneg
2024 March Madness Bracket
pecheneg
Famous TV Couples
Peacemaker
Champions League XIs: Real Madrid
pecheneg
Largest US Cities 1790-2010
pecheneg
Rides in Walt Disney World
pecheneg
Most Oscar Losses (Acting)
pecheneg
Beyoncé Albums
pecheneg
Trending Topics
NBA
Marvel
Crossword
Disney
Harry Potter
Kpop
Anime
Country
Song
The Office
NFL
Pokémon
WWE
Puzzle
Soccer
Your Account Isn't Verified!
In order to create a playlist on Sporcle, you need to verify the email address you used during registration. Go to your
Sporcle Settings
to finish the process.
Report this User
Report this user for behavior that violates our
Community Guidelines
.
Details:
Send Report
Go to the Sporcle.com Mobile Site →
Comments